| 000 | 01630nam0a2200349 i 4500 | ||
|---|---|---|---|
| 001 | RU\NLR\BIBL_A\010696160 | ||
| 005 | 20260405090139.0 | ||
| 010 |
_a9785852632340 _9300 |
||
| 021 |
_aRU _b2015-1700 _9102 |
||
| 035 | _a(NILC)RuMoRGB-007851274 | ||
| 035 | _a(NLR Aleph) 010696160 | ||
| 090 |
_a9704519 _c9704519 |
||
| 100 | _a20150312d2014 km y0rusy50 ca | ||
| 101 | 0 | _arus | |
| 102 | _aRU | ||
| 105 | _aa|||z|||000yy | ||
| 200 | 1 |
_aВодоотведение и очистка поверхностного стока на торфяных фильтрах _eмонография _fМихайлов А.В., Ким А.Н., Продус О.А. [и др. _gпод общ. ред. д.т.н. А. В. Михайлова] |
|
| 210 |
_aСанкт-Петербург _cСборка _d2014 |
||
| 215 |
_a133 с. _cил., цв. ил. _d21 |
||
| 320 | _aБиблиогр.: с. 128-133 (76 назв.) | ||
| 606 |
_aСточные воды _xОчистка фильтрацией _91705639 _3RU\NLR\AUTH\661057548 |
||
| 606 |
_aТорф _xПрименение в очистке сточных вод _92247512 _3RU\NLR\AUTH\6601579156 |
||
| 686 | 1 | _aН761.204.2 | |
| 701 | 1 |
_8rus _7ca _aМихайлов _bА. В. _cд-р техн. наук, горные машины _gАлександр Викторович _3RU\NLR\AUTH\7731906 _914916 |
|
| 701 | 1 |
_aКим _bА. Н. _gАркадий Николаевич |
|
| 701 | 1 |
_aПродоус _bО. А. _gОлег Александрович |
|
| 801 | 0 |
_aRU _bРГБ _c20150121 _gRCR |
|
| 801 | 1 |
_aRU _bРГБ _c20150121 _2rusmarc |
|
| 942 | _cBOOK | ||
| 980 | _aNBR | ||